[Event "34th USA-ch (w)"]
[Site "Bloomington USA"]
[Date "1994.??.??"]
[Round "8"]
[White "Root, Alexey"]
[Black "Marinello, Beatriz"]
[Result "0-1"]
[WhiteElo "2040"]
[BlackElo "2200"]
[EventDate "1994.07.27"]
[PlyCount "88"]

1.d4 Nf6 2.Nf3 d6 3.c4 c5 4.dxc5 Qa5+ 5.Nc3 Qxc5 6.e4 g6 7.Bd3 Bg7 8.O-O 
O-O 9.Nd5 Nc6 10.a3 Nxd5 11.cxd5 Nd4 12.Nxd4 Bxd4 13.Bh6 Re8 14.Rc1 Qb6 
15.b4 Bd7 16.Qd2 Rac8 17.Rcd1 Rc3 18.Be2 Bf6 19.Bg5 Rec8 20.Bxf6 exf6 21.
Rc1 Qc7 22.Rxc3 Qxc3 23.Qf4 Qe5 24.Qe3 b6 25.f4 Qb2 26.f5 Rc2 27.Bf3 Bb5 
28.Re1 Kg7 29.h4 h6 30.fxg6 fxg6 31.Qf4 Qe5 32.Qxe5 fxe5 33.Re3 Kf6 34.Kh2
Bd7 35.Kg3 g5 36.hxg5+ Kxg5 37.Bd1 Rc1 38.Be2 h5 39.Kf2 h4 40.Rf3 Rc2 41.
Ke1 Bg4 42.Rf2 Rxe2+ 43.Rxe2 Bxe2 44.Kxe2 Kf4 0-1

[Event "34th USA-ch (w)"]
[Site "Bloomington USA"]
[Date "1994.??.??"]
[Round "8"]
[White "Tverskaya, Julia"]
[Black "Sagalchik, Olga"]
[Result "1/2-1/2"]
[WhiteElo "2125"]
[BlackElo "2155"]
[EventDate "1994.07.27"]
[PlyCount "113"]

1.e4 c5 2.Nf3 d6 3.d4 cxd4 4.Nxd4 Nf6 5.Nc3 a6 6.Be2 e6 7.Be3 Be7 8.O-O 
O-O 9.a4 Qc7 10.f4 b6 11.Bf3 Bb7 12.Qe1 Nbd7 13.Qg3 Nc5 14.f5 e5 15.Nb3 
Kh8 16.Nxc5 dxc5 17.Qf2 Bc6 18.a5 Rfe8 19.b3 b5 20.Bxc5 b4 21.Bxe7 Qxe7 
22.Qb6 Qa7 23.Na2 Qxb6+ 24.axb6 a5 25.c4 Nd7 26.Rfd1 Nc5 27.Nc1 g6 28.fxg6
hxg6 29.Rd6 Re6 30.Rxe6 fxe6 31.Kf2 Ra6 32.Ke3 Kg7 33.Ra2 Kf6 34.h4 a4 35.
bxa4 b3 36.Rb2 Rxb6 37.a5 Rb4 38.Nd3 Rxc4 39.Nxc5 Rxc5 40.Rxb3 Rxa5 41.Rb6
Rc5 42.Rb3 Rc1 43.Rb8 Rc3+ 44.Kf2 Rc2+ 45.Kg3 Rd2 46.Rc8 Rc2 47.Rf8+ Ke7 
48.Rg8 Kf7 49.Rb8 Rc4 50.Rc8 Rc2 51.Rc7+ Kf6 52.Rc8 Bxe4 53.Rf8+ Kg7 54.
Bxe4 Rc4 55.Bd3 Rd4 56.Rf3 e4 57.Bxe4 1/2-1/2

[Event "34th USA-ch (w)"]
[Site "Bloomington USA"]
[Date "1994.??.??"]
[Round "9"]
[White "Dimitrijevic, Vesna"]
[Black "Belakovskaia, Angelina"]
[Result "0-1"]
[WhiteElo "2090"]
[BlackElo "2315"]
[EventDate "1994.07.27"]
[PlyCount "80"]

1.e4 e5 2.Nf3 Nc6 3.Bb5 a6 4.Ba4 Nf6 5.O-O Be7 6.Re1 b5 7.Bb3 O-O 8.c3 d5 
9.d3 Bg4 10.Nbd2 dxe4 11.dxe4 Na5 12.Bc2 c5 13.Nf1 Qxd1 14.Bxd1 Bd6 15.Ng3
g6 16.Nh4 Be6 17.Bh6 Rfe8 18.h3 c4 19.Nf3 Nb7 20.Bc2 b4 21.Ba4 Rec8 22.
Red1 a5 23.Ng5 Bd7 24.Bc2 Be8 25.Rd2 Bf8 26.Bxf8 Kxf8 27.Nf3 Nd7 28.Rad1 
Nbc5 29.Nh2 b3 30.axb3 cxb3 31.Bb1 a4 32.Nhf1 a3 33.bxa3 Rxa3 34.Ne3 Na4 
35.c4 Ndb6 36.Bd3 Nc3 37.Rc1 Nba4 38.Ne2 b2 39.Rf1 Nxe2+ 40.Rxe2 Rxd3 0-1

[Event "34th USA-ch (w)"]
[Site "Bloomington USA"]
[Date "1994.??.??"]
[Round "9"]
[White "Finegold, Gina"]
[Black "Root, Alexey"]
[Result "1/2-1/2"]
[WhiteElo "2115"]
[BlackElo "2040"]
[EventDate "1994.07.27"]
[PlyCount "55"]

1.d4 e6 2.Nf3 f5 3.d5 Nf6 4.dxe6 dxe6 5.Qxd8+ Kxd8 6.Nc3 Bd6 7.e4 Nbd7 8.
Bg5 fxe4 9.Nxe4 Be7 10.Ng3 h6 11.Be3 Ng4 12.Nd4 Nde5 13.Rd1 Bd6 14.Ne4 
Nxe3 15.fxe3 Ke7 16.Nxd6 cxd6 17.Nb5 Rd8 18.c4 a6 19.Nc3 Bd7 20.Be2 Bc6 
21.O-O Rf8 22.Rf4 Rf6 23.Rxf6 gxf6 24.Rf1 Rg8 25.g3 Ng4 26.Bxg4 Rxg4 27.
Rf4 Rg6 28.Kf2 1/2-1/2

[Event "34th USA-ch (w)"]
[Site "Bloomington USA"]
[Date "1994.??.??"]
[Round "9"]
[White "Levitina, Irina"]
[Black "Burtman, Sharon"]
[Result "1-0"]
[WhiteElo "2425"]
[BlackElo "2035"]
[EventDate "1994.07.27"]
[PlyCount "137"]

1.d4 d5 2.Nf3 Bf5 3.c4 e6 4.Nc3 c6 5.Bf4 Bd6 6.Bxd6 Qxd6 7.Qb3 b6 8.e3 Nf6
9.Be2 O-O 10.O-O Nbd7 11.Rfd1 a5 12.cxd5 Nxd5 13.a3 b5 14.Rac1 a4 15.Qa2 
Rfb8 16.Nd2 Bg6 17.Nce4 Qc7 18.Nc5 Nxc5 19.Rxc5 b4 20.Rdc1 b3 21.Qa1 Bc2 
22.Bd1 Bxd1 23.Rxd1 Rb5 24.Qc1 Rxc5 25.Qxc5 Ra5 26.Qc4 Nb6 27.Qf1 Qd8 28.
Rc1 Qd5 29.Nc4 Nxc4 30.Qxc4 Qxc4 31.Rxc4 Ra6 32.Rb4 Kf8 33.Rb7 Ra5 34.Rc7 
e5 35.Rxc6 exd4 36.exd4 Rd5 37.Rc4 Ra5 38.Kf1 Ke7 39.Ke2 Kd6 40.Kd3 Ra7 
41.g3 Kd5 42.h4 h6 43.f4 g6 44.Rc5+ Kd6 45.Kc4 Re7 46.Re5 Rc7+ 47.Kb5 Rc2 
48.Kxa4 Rxb2 49.Re3 Rd2 50.Rxb3 Rxd4+ 51.Kb5 Kc7 52.a4 Rd1 53.Re3 Rb1+ 54.
Kc5 Kd7 55.Ra3 Rc1+ 56.Kd5 Rd1+ 57.Ke5 Ke7 58.a5 Re1+ 59.Kd5 Rd1+ 60.Kc5 
Rc1+ 61.Kb4 Rb1+ 62.Kc3 Rc1+ 63.Kb2 Rc7 64.a6 Ra7 65.Kc3 Kd6 66.Kd4 h5 67.
Ra2 Kc6 68.Ke5 Kc5 69.f5 1-0

[Event "34th USA-ch (w)"]
[Site "Bloomington USA"]
[Date "1994.??.??"]
[Round "9"]
[White "Sagalchik, Olga"]
[Black "Marinello, Beatriz"]
[Result "1-0"]
[WhiteElo "2155"]
[BlackElo "2200"]
[EventDate "1994.07.27"]
[PlyCount "105"]

1.d4 Nf6 2.c4 g6 3.Nc3 Bg7 4.e4 d6 5.f3 O-O 6.Bg5 c5 7.Nge2 a6 8.Qd2 Nc6 
9.d5 Ne5 10.Ng3 Re8 11.Be2 Qa5 12.O-O Qb4 13.b3 h6 14.Be3 Nh7 15.Rac1 h5 
16.h3 Rb8 17.Bh6 Bh8 18.f4 Nd7 19.e5 dxe5 20.f5 h4 21.fxg6 fxg6 22.Bd3 e4 
23.Ngxe4 Bd4+ 24.Be3 Ndf8 25.Bxd4 cxd4 26.Qf2 Bf5 27.Qxd4 e5 28.Qf2 Qe7 
29.c5 Ng5 30.Bc4 Kg7 31.Nd6 Bxh3 32.Nxe8+ Rxe8 33.d6 Qd8 34.Bf7 Nxf7 35.
Qxf7+ Kh6 36.Ne4 Be6 37.Qf2 Nd7 38.Nf6 Nxf6 39.Qxf6 Qxf6 40.Rxf6 Bd5 41.
Rd1 Bc6 42.d7 Rd8 43.Rdd6 Rxd7 44.Rxg6+ Kh5 45.Rge6 Kg5 46.Rxd7 Bxd7 47.
Rxe5+ Kf4 48.Re7 Bc6 49.Kf2 Bd5 50.b4 Kg4 51.a4 Kf5 52.b5 axb5 53.axb5 1-0